00321nam a2200109Ia 4500008004100000041000800041100001700049245007700066260003300143300000800176700002700184250110s9999 xx 000 0 und d aeng aAher Ashwini aLandscape Development Proposal For Nehru Van Udyan At Pandav Leni Nashik bM Arch Landscape, Punec2014 a76p aGuide Name:Sharma Ritu